000
00311nam a2200133Ia 4500
005
20251222152019.0
008
251222s9999||||xx |||||||||||||| ||spa||
082
_a
982.03/S26
100
_a
Sarmiento, Domingo F.
245
0
_a
Facundo
250
_a
1ra.ed.
264
_b
Ediciones Nautilus, S.A.
942
_c
LIB
999
_c
25212
_d
25212